Bytový dom
Salvato in:
| Autore principale: | |
|---|---|
| Altri autori: | |
| Natura: | Manoscritto Libro |
| Lingua: | slovacco |
| Pubblicazione: |
2025
|
| Soggetti: | |
| Accesso online: | http://is.stuba.sk/zp/portal_zp.pl?podrobnosti=186558 CRZP |
| Tags: |
Nessun Tag, puoi essere il primo ad aggiungerne!!
|
MARC
| LEADER | 00000ntm a22000003a 4500 | ||
|---|---|---|---|
| 001 | stuzp104770 | ||
| 003 | SK-STU | ||
| 005 | 20250722145553.1 | ||
| 007 | ta | ||
| 008 | 150427s2015----xo-----f-mn---000-0-slo-d | ||
| 040 | |a STU |b slo | ||
| 041 | 0 | |a slo | |
| 100 | 1 | |a Frčová, Dominika |u 010270 |4 aut |U SvF Stavebná fakulta |T SvF Katedra technológie stavieb |X 123608 |U V270 |Y 28 |7 123608 | |
| 242 | 0 | 1 | |a Residential House |y eng |
| 245 | 1 | 0 | |a Bytový dom |
| 260 | |c 2025 | ||
| 650 | 4 | |a Bytový dom |2 slo | |
| 650 | 4 | |a lešenie PERI UP EASY |2 slo | |
| 650 | 4 | |a technológia |2 slo | |
| 650 | 4 | |a apartment building |2 eng | |
| 650 | 4 | |a PERI UP EASY |2 eng | |
| 650 | 4 | |a technology |2 eng | |
| 700 | 1 | |a Jankovichová, Eva |u 010270 |k Z8 |4 ths |U SvF Stavebná fakulta |T SvF Katedra technológie stavieb |X 647 |U V270 |Y 28 |7 A000000647 | |
| 856 | 4 | |u http://is.stuba.sk/zp/portal_zp.pl?podrobnosti=186558 | |
| 856 | 4 | |u https://opac.crzp.sk/?fn=detailBiblioForm&sid=4013D2F8FE5692F45DCE204F6B33 |z CRZP | |